000
00448nam a2200133Ia 4500
008
100328s9999 xx 000 0 und d
082
_b
51724
100
_a
कुलकर्णी द.भि.
245
_a
पहिल्यांदा रणांगण
260
_b
पॅाप्युलर
630
_a
पहिल्यांदा रणांगण
730
_a
पहिल्यांदा रणांगण
942
_c
BOOK
999
_c
538644
_d
538641